000 00580cam a22002052 4500
001 0000004463
005 20151217145809.0
008 070523s xx 000 0 eng d
020 _a033374442 :
_cKES 3,060
040 _aKABU
_cKABU
050 0 _aQA76.9
_b.D35I53
100 1 _aInce, Darrel.
_@0000155044
245 1 0 _aFrom data structure to patterns.
260 _aLondon :
_bMacmillan,
_c2000.
300 _ax, 245 p.
650 0 _aData structure (Computer science)
_@0000148179
908 _a070523
950 _@1
999 _c2705
_d2705